| 000 | 00730nam a2200241 a 4500 | ||
|---|---|---|---|
| 001 | BRL_592 | ||
| 005 | 20190320210820.0 | ||
| 008 | 060913s1954----gw-#######---#000-0#ger-# | ||
| 041 | _ager | ||
| 044 | _agw | ||
| 050 | 4 |
_aPZ1 _b.W35 1954 |
|
| 100 | 1 |
_aWallace, Edgar _924377 |
|
| 245 | 1 | 0 |
_aJohn Flack _bkriminal-roman _cEdgar Wallace. |
| 260 |
_aAlemania _bWilhelm Goldmann Verlag _c1954 |
||
| 300 |
_a186 p. _c18 cm. |
||
| 440 | 0 |
_aGoldmanns Taschen-Krimi _vno. 51 _924378 |
|
| 500 | _aAu686 | ||
| 500 | _aEjemplar con portada ligeramente desprendida parte superior izquierdo. Lomo desprendido parte inferior. | ||
| 650 | 1 | 4 |
_aNovela policiaca _923905 |
| 650 | 1 | 4 |
_aNovela romántica _924379 |
| 902 | _aGRL | ||
| 942 |
_2lcc _cB |
||
| 999 |
_c9404 _d9404 |
||